عرض عادي
عرض مارك
- Mammoli, A. A.
مدخل إسم شخص
001 - رقم الضبط
- حقل الضبط: 12014
003 - معرف رقم الضبط
- حقل الضبط: OSt
005 - تاريخ ووقت أخر عملية
- حقل الضبط: 20120427162244.0
008 - عناصر بيانات ثابتة الطول
- حقل تحكم ثابت الطول: 120427|||a|||||| | ||| d
040 ## - مصدر الفهرسة
- هيئة الفهرسة الأصلية: OSt
- وكالة الكتابة: OSt
100 ## - مدخل -- أسم شخص
- إسم شخص: Mammoli, A. A.
- الشكل الكامل للاسم: (Andrea Alberto)
670 ## - بيانات المصدر موجوده
- الاستشهاد بالمصدر: Work cat.: (OSt)24132: International Conference on Computational Methods in Multiphase Flow (5th : 2009 : Wessex Institute of Technology) 12011, Computational methods in multiphase flow V /, c2009.
